00253nam a22000857a 4500008004100000082001600041245005900057260004300116300000800159230606b xxu||||| |||| 00| 0 eng d a636.08bPAS aPastrolismbResearch Policy PracticecPractical Action aUSAbPractical Action Publishingc2010 a339